000 01324nam a2200385 i 4500
001 31294
003 KOSZ 005
005 20220609131648.0
008 980713s1997 pl d |000 0 pol
015 _aPB 1997/3324
020 _a8301114878
035 _a(OCoLC)830126495
040 _aWA N
_cWA N
_dKOSZ 005/HR
080 _a811.162.1'373.45
080 _a811.162.1'374
245 0 0 _aSłownik wyrazów obcych PWN /
_cred. t. Elżbieta Sobol ; oprac. haseł Anna Stankiewicz [et al.].
250 _aWyd. nowe, [5 dodr.].
260 _aWarszawa :
_bWydawnictwo Naukowe PWN,
_c1997.
300 _a[14], 1185, [1] s. ;
_c24 cm.
336 _2rdacontent
_aTekst
_btxt
337 _2rdamedia
_aBez urządzenia pośredniczącego
_bn
338 _2rdacarrier
_aWolumin
_bnc
380 _aKsiążki
388 _a1901-2000
388 _a1989-2000
658 _aJęzykoznawstwo
650 4 _aJęzyk polski
655 4 _aSłownik języka polskiego
655 4 _aSłownik wyrazów obcych
700 1 _aStankiewicz, Anna
_c(językoznawca).
_eOpracowanie
710 2 _aWydawnictwo Naukowe PWN
_4pbl.
700 1 _aSobol, Elżbieta
_eRedakcja
856 _uhttp://koha.tu.koszalin.pl/cgi-bin/koha/opac-detail.pl?biblionumber=31294
_yKatalog online BPK
942 _2UKD
_cKS
999 _c31294
_d31294